000 00710nam a2200193 a 4500
001 2260
003 CO-ViMGA
008 141112s2004 ck r 000 u spa d
040 _aCO-ViMGA
_bspa
_cCO-ViMGA
082 0 4 _a616.8917 F765c
100 1 _aFromm, Erich
245 1 0 _aLa crisis del psicoanálisis
260 _aBarcelona :
_bPaidos,
_c1993
300 _a237 p
490 _aPaidos studio, 27
505 _aLa crisis del psicoanálisis 11 - - El complejo de Edipo : Comentarios del caso del pequeño Hans 108 - - La teoría del hecho materno y su pertienecia para la psicología social 129 - - Metodo y función de una psicología social analítica 166
650 1 4 _aPSICOANALISIS
942 _2ddc
_cBK
999 _c14364
_d14364